[Event "Singapore schev"]
[Site "Singapore"]
[Date "2010.02.12"]
[Round "3"]
[White "Fernandez, Daniel Howard"]
[Black "Ramos, Domingo"]
[Result "1-0"]
[WhiteElo "2288"]
[BlackElo "2284"]
[PlyCount "35"]
[EventDate "2010.02.12"]
[EventType "schev"]
[EventRounds "10"]
[EventCountry "SIN"]
[SourceTitle "CBM 135 Extra"]
[Source "ChessBase"]
[SourceDate "2010.05.04"]
[SourceVersion "1"]
[SourceVersionDate "2010.05.04"]
[SourceQuality "1"]

1. e4 c5 2. Nf3 e6 3. d4 cxd4 4. Nxd4 a6 5. Nc3 Qc7 6. Be2 b5 7. 0-0 Bb7 8. Re1 b4 9. Nd5 exd5 10. exd5 Kd8 11. Nf5 Qe5 12. Bg5+ Nf6 13. Bf3 Qxf5 14. Qd4 Bd6 15. Qb6+ Kc8 16. Qxd6 Qxg5 17. Re5 Qd2 18. Qc5+ 1-0

[Event "Singapore schev"]
[Site "Singapore"]
[Date "2010.02.12"]
[Round "6"]
[White "Ramos, Domingo"]
[Black "Chua, Zheng Yuan Terry"]
[Result "1/2-1/2"]
[WhiteElo "2284"]
[BlackElo "2247"]
[PlyCount "108"]
[EventDate "2010.02.12"]
[EventType "schev"]
[EventRounds "10"]
[EventCountry "SIN"]
[SourceTitle "CBM 135 Extra"]
[Source "ChessBase"]
[SourceDate "2010.05.04"]
[SourceVersion "1"]
[SourceVersionDate "2010.05.04"]
[SourceQuality "1"]

1. e4 c5 2. Nf3 d6 3. c3 Nf6 4. Bd3 Bg4 5. h3 Bh5 6. Bc2 Nc6 7. g4 Bg6 8. Qe2 e5 9. d3 Be7 10. Nbd2 h5 11. g5 Nh7 12. h4 Nf8 13. Nf1 Ne6 14. Ng3 Qd7 15. a3 f6 16. b4 d5 17. Bb3 d4 18. Nf5 Bxf5 19. exf5 Nc7 20. cxd4 cxd4 21. Qe4 a5 22. gxf6 gxf6 23. Rg1 axb4 24. Rg7 bxa3 25. Bd2 Qd6 26. Ng5 Nd8 27. Ba2 Ra6 28. Nf7 Nxf7 29. Bxf7+ Kd8 30. Qxb7 Qb6 31. Qg2 Rf8 32. Bc4 Ra7 33. Ke2 Qb7 34. Qg1 Ne8 35. Rb1 Qc7 36. Rxe7 Qxe7 37. Rb8+ Kc7 38. Qb1 Qc5 39. Bb4 Qc6 40. Bxf8 a2 41. Bxa2 Rxa2+ 42. Qxa2 Kxb8 43. Be7 Nc7 44. Qc4 Qxc4 45. dxc4 Ne8 46. f4 Kc7 47. Bxf6 Nxf6 48. fxe5 Ng4 49. Kd3 Nxe5+ 50. Kxd4 Nf7 51. Kd5 Kd7 52. c5 Nd8 53. f6 Ke8 54. c6 Nxc6 1/2-1/2

[Event "Singapore 9th"]
[Site "Singapore"]
[Date "2009.06.25"]
[Round "9"]
[White "Ramos, Domingo"]
[Black "Gyozalyan, Tigran"]
[Result "1/2-1/2"]
[WhiteElo "2306"]
[BlackElo "2267"]
[PlyCount "33"]
[EventDate "2009.06.21"]
[EventType "tourn"]
[EventRounds "11"]
[EventCountry "SIN"]
[EventCategory "2"]
[SourceTitle "CBM 131 Extra"]
[Source "ChessBase"]
[SourceDate "2009.09.03"]
[SourceVersion "2"]
[SourceVersionDate "2009.09.16"]
[SourceQuality "1"]

1. e4 e5 2. Nf3 Nf6 3. Nxe5 d6 4. Nf3 Nxe4 5. d3 Nf6 6. d4 d5 7. Bd3 Bg4 8. 0-0 Be7 9. h3 Bh5 10. Bg5 0-0 11. Nbd2 Nbd7 12. Re1 c6 13. c3 Re8 14. Qb3 Qb6 15. Qxb6 axb6 16. Bxf6 Bxf6 17. Bf5 1/2-1/2

[Event "Singapore 9th"]
[Site "Singapore"]
[Date "2009.06.24"]
[Round "7"]
[White "Ranola, Yves"]
[Black "Ramos, Domingo"]
[Result "1/2-1/2"]
[WhiteElo "2390"]
[BlackElo "2306"]
[PlyCount "31"]
[EventDate "2009.06.21"]
[EventType "tourn"]
[EventRounds "11"]
[EventCountry "SIN"]
[EventCategory "2"]
[SourceTitle "CBM 131 Extra"]
[Source "ChessBase"]
[SourceDate "2009.09.03"]
[SourceVersion "2"]
[SourceVersionDate "2009.09.16"]
[SourceQuality "1"]

1. e4 e5 2. Nf3 Nc6 3. Bb5 a6 4. Bxc6 dxc6 5. d4 exd4 6. Qxd4 Qxd4 7. Nxd4 Bc5 8. Be3 Ne7 9. Nd2 0-0 10. N2b3 Bxd4 11. Nxd4 c5 12. Ne2 b6 13. a4 a5 14. Nc3 Be6 15. 0-0 Ng6 16. f3 1/2-1/2

[Event "Singapore Vision IM 8th"]
[Site "Singapore"]
[Date "2009.03.19"]
[Round "4"]
[White "Ranola, Yves"]
[Black "Ramos, Domingo"]
[Result "1/2-1/2"]
[WhiteElo "2390"]
[BlackElo "2306"]
[PlyCount "30"]
[EventDate "2009.03.18"]
[EventType "tourn"]
[EventRounds "10"]
[EventCountry "SIN"]
[EventCategory "3"]
[SourceTitle "EXT 2022"]
[Source "ChessBase"]
[SourceDate "2021.10.06"]
[SourceVersion "1"]
[SourceVersionDate "2021.10.06"]
[SourceQuality "1"]

1. e4 g6 2. d4 Bg7 3. Nc3 c6 4. Nf3 d5 5. h3 dxe4 6. Nxe4 Nd7 7. Bd3 Ngf6 8. c3 0-0 9. 0-0 Nxe4 10. Bxe4 c5 11. Re1 cxd4 12. Nxd4 Nc5 13. Bc2 a6 14. Bg5 Re8 15. Qe2 Qc7 1/2-1/2

[Event "Cairnhill op 21st"]
[Site "Singapore"]
[Date "2003.12.13"]
[Round "8"]
[White "Ong, Chong Ghee"]
[Black "Ramos, Domingo"]
[Result "1/2-1/2"]
[WhiteElo "2328"]
[BlackElo "2331"]
[PlyCount "23"]
[EventDate "2003.12.07"]
[EventType "swiss"]
[EventRounds "9"]
[EventCountry "SIN"]
[SourceTitle "CBM 097 Extra"]
[Source "ChessBase"]
[SourceDate "2004.01.13"]
[SourceVersion "1"]
[SourceVersionDate "2004.01.13"]
[SourceQuality "1"]

1. e4 c5 2. Nf3 e6 3. c3 Nf6 4. e5 Nd5 5. d4 cxd4 6. cxd4 d6 7. Nc3 Nxc3 8. bxc3 Qc7 9. Bd2 Nd7 10. exd6 Bxd6 11. Bd3 b6 12. a4 1/2-1/2

[Event "Olympiad-33"]
[Site "Elista"]
[Date "1998.10.01"]
[Round "3.1"]
[White "Ramos, Domingo"]
[Black "Himdan, Maher"]
[Result "0-1"]
[WhiteElo "2325"]
[BlackElo "2365"]
[PlyCount "82"]
[EventDate "1998.09.29"]
[EventType "team-swiss"]
[EventRounds "13"]
[EventCountry "RUS"]
[SourceTitle "CBM 068"]
[Source "ChessBase"]
[SourceDate "1999.02.01"]
[SourceVersion "1"]
[SourceVersionDate "1999.02.01"]
[SourceQuality "1"]
[WhiteTeam "Japan"]
[BlackTeam "Egypt"]
[WhiteTeamCountry "JPN"]
[BlackTeamCountry "EGY"]

1. e4 e5 2. Bc4 Nf6 3. d3 Bc5 4. Nf3 d6 5. 0-0 c6 6. Bb3 0-0 7. c3 Nbd7 8. d4 Bb6 9. Nbd2 Bc7 10. Re1 Re8 11. Bc2 Nf8 12. Nf1 Bg4 13. h3 Bh5 14. Ng3 Bg6 15. dxe5 dxe5 16. Qe2 Ne6 17. Be3 Nf4 18. Qc4 N6d5 19. Qb3 Nxe3 20. fxe3 Bb6 21. Kh1 Nh5 22. Nf1 Qe7 23. Rad1 Rad8 24. Qc4 h6 25. Rxd8 Rxd8 26. Rd1 Rxd1 27. Bxd1 Nf6 28. Bc2 Nd7 29. b4 Bh5 30. g4 Bg6 31. Kg2 h5 32. Kg3 Bd8 33. N1d2 Nf8 34. Bb3 Nh7 35. Qd3 hxg4 36. hxg4 Nf6 37. Nh2 Nxg4 38. Kxg4 Qh4+ 39. Kf3 Qh3+ 40. Ke2 Qxh2+ 41. Kd1 Bg5 0-1

[Event "Olympiad-33"]
[Site "Elista"]
[Date "1998.09.29"]
[Round "1.1"]
[White "Malisauskas, Vidmantas"]
[Black "Ramos, Domingo"]
[Result "1-0"]
[WhiteElo "2515"]
[BlackElo "2325"]
[PlyCount "123"]
[EventDate "1998.09.29"]
[EventType "team-swiss"]
[EventRounds "13"]
[EventCountry "RUS"]
[SourceTitle "CBM 068"]
[Source "ChessBase"]
[SourceDate "1999.02.01"]
[SourceVersion "1"]
[SourceVersionDate "1999.02.01"]
[SourceQuality "1"]
[WhiteTeam "Lithuania"]
[BlackTeam "Japan"]
[WhiteTeamCountry "LTU"]
[BlackTeamCountry "JPN"]

1. e4 c5 2. Nf3 e6 3. d4 cxd4 4. Nxd4 a6 5. Nc3 Qc7 6. g3 b5 7. Bg2 Bb7 8. 0-0 Nc6 9. Nb3 Nf6 10. a3 d6 11. f4 h5 12. Qe2 Be7 13. h3 Nd7 14. Be3 Nb6 15. Nd2 Bf6 16. Qf2 Nd7 17. Nb3 Bxc3 18. bxc3 Ne7 19. Rad1 Rc8 20. Rd3 0-0 21. Qe2 g6 22. g4 hxg4 23. hxg4 d5 24. Bd4 dxe4 25. Rh3 f5 26. Qe1 Kf7 27. Rh7+ Ke8 28. Qh4 Rf7 29. Rxf7 Kxf7 30. Qh7+ Ke8 31. Qh8+ Nf8 32. Nc5 Bd5 33. Nxa6 Qc4 34. Nb4 Qe2 35. g5 Qg4 36. Bg7 Kf7 37. Bf6 Rc7 38. Be5 Rd7 39. Bg7 Ng8 40. Bd4 Bb7 41. Qh3 Qe2 42. Rb1 Rxd4 43. cxd4 Qd2 44. Qg3 Qxd4+ 45. Kh2 Nd7 46. Na2 Bc6 47. Nc3 Qd2 48. Rd1 Qxc2 49. Rd6 Ne7 50. Qe3 e5 51. Qh3 e3 52. Qh7+ Ke8 53. Rxc6 Nxc6 54. Qxg6+ Kd8 55. Qxc6 e2 56. Qa8+ Ke7 57. Nd5+ Kf7 58. Qd8 Qc6 59. Qe7+ Kg8 60. Nf6+ Nxf6 61. gxf6 Qxg2+ 62. Kxg2 1-0

[Event "Asia-chT fin 11th"]
[Site "Singapore"]
[Date "1995.12.18"]
[Round "5"]
[White "Toh, Terry"]
[Black "Ramos, Domingo"]
[Result "0-1"]
[WhiteElo "2408"]
[BlackElo "2330"]
[PlyCount "84"]
[EventDate "1995.12.14"]
[EventType "team"]
[EventRounds "9"]
[EventCountry "SIN"]
[SourceTitle "CBM 050 Extra"]
[Source "ChessBase"]
[SourceDate "1996.03.01"]
[SourceVersion "1"]
[SourceVersionDate "1996.03.01"]
[SourceQuality "1"]
[WhiteTeam "Singapore"]
[BlackTeam "Japan"]
[WhiteTeamCountry "SIN"]
[BlackTeamCountry "JPN"]

1. e4 c5 2. d3 Nc6 3. f4 g6 4. Nf3 Bg7 5. g3 d6 6. Bg2 e6 7. 0-0 Nge7 8. Nc3 Rb8 9. a4 0-0 10. Kh1 a6 11. Ne2 Nd4 12. Nexd4 cxd4 13. Bd2 b5 14. axb5 axb5 15. c3 Nc6 16. cxd4 Nxd4 17. Ba5 Qd7 18. Nxd4 Bxd4 19. Rc1 b4 20. Qd2 b3 21. f5 exf5 22. exf5 Bb7 23. f6 Bxg2+ 24. Qxg2 Rfc8 25. Bc3 Bxc3 26. Rxc3 Rxc3 27. bxc3 h5 28. Qd2 Kh7 29. Kg1 Qa7+ 30. Kg2 Qb7+ 31. Kg1 Ra8 32. Qg2 d5 33. Rb1 Qc6 34. c4 Qxf6 35. Qxd5 Ra1 36. Rxa1 Qxa1+ 37. Kg2 Kg7 38. d4 Qe1 39. Qb5 Qe2+ 40. Kh3 b2 41. d5 Qf1+ 42. Kh4 b1Q 0-1